Rough sets, fuzzy sets and knowledge discovery : proceedings of the International Workshop on Rough Sets and Knowledge Discovery (RSKD '93), Banff, Alberta, Canada 12-15 October 1993
Αποθηκεύτηκε σε:
| Συλλογικό Έργο: | , |
|---|---|
| Άλλοι συγγραφείς: | |
| Μορφή: | Πρακτικό Συνεδρίου Βιβλίο |
| Γλώσσα: | English |
| Δημοσίευση: |
London ; New York :
Springer-Verlag,
c1994.
|
| Σειρά: | Workshops in computing
|
| Θέματα: | |
| Ετικέτες: |
Προσθήκη ετικέτας
Δεν υπάρχουν, Καταχωρήστε ετικέτα πρώτοι!
|
MARC
| LEADER | 00000cam a2200000 i 4500 | ||
|---|---|---|---|
| 001 | 1/48766 | ||
| 008 | 950728s1994 enk ||| | eng|| | ||
| 020 | |a 3540198857 | ||
| 035 | |1 ΕΛΗ |a 1995 |b 1807 |c ΔΑΡΖΕΝΤΑΣ |l 10043427 | ||
| 040 | |a GR-MyUA |b gre |e AACR2 | ||
| 041 | 0 | |a eng | |
| 082 | 0 | |a 006.33 | |
| 111 | 2 | |a International Workshop on Rough Sets and Knowledge Discovery |d (1993 : |c Banff, Alta.) | |
| 245 | 1 | 0 | |a Rough sets, fuzzy sets and knowledge discovery : |b proceedings of the International Workshop on Rough Sets and Knowledge Discovery (RSKD '93), Banff, Alberta, Canada 12-15 October 1993 / |c edited by Wojciech P. Ziarko. |
| 260 | |a London ; |a New York : |b Springer-Verlag, |c c1994. | ||
| 300 | |a x, 476 σ. : |b εικ. ; |c 24 εκ. | ||
| 490 | 1 | |a (Wopkshops in computing) | |
| 500 | |a "Published in collaboration with the British Computer Society." | ||
| 504 | |a Περιέχει βιβλιογραφικές αναφορές και ευρετήριο. | ||
| 650 | 0 | 0 | |a Database management |x Congresses. |
| 650 | 0 | 0 | |a Set theory |x Congresses. |
| 700 | 1 | |a Ziarko, Wojciech, |e edt | |
| 710 | 2 | |a British Computer Society. | |
| 830 | 0 | |a Workshops in computing | |
| 852 | |a INST |b SAMOS |e 19950728 |h 006.33 INT |p 005300010126 |q 005300010126 |t BK |y 0 | ||